Εισαγωγή στο ολοκλήρωμα Lebesgue : σημειώσεις παραδόσεων
Αποθηκεύτηκε σε:
| Κύριος συγγραφέας: | |
|---|---|
| Μορφή: | Βιβλίο |
| Γλώσσα: | Greek |
| Δημοσίευση: |
Αθήνα :
Πανεπιστήμιο Αθηνών,
1999
|
| Θέματα: | |
| Ετικέτες: |
Προσθήκη ετικέτας
Δεν υπάρχουν, Καταχωρήστε ετικέτα πρώτοι!
|
MARC
| LEADER | 00000cam a2200000 i 4500 | ||
|---|---|---|---|
| 001 | 1/2002 | ||
| 008 | 000420s1999 gre d | ||
| 035 | |l 10060239 | ||
| 040 | |a GR-MY-UA |b gre |e aacr | ||
| 041 | 0 | |a gre | |
| 082 | 0 | |a 515.43 | |
| 100 | 1 | |a Σταύρακας, Γ. Α. |q (Γεράσιμος Α.) | |
| 245 | 1 | 0 | |a Εισαγωγή στο ολοκλήρωμα Lebesgue : |b σημειώσεις παραδόσεων / |c Γ.Α. Σταύρακας |
| 260 | |a Αθήνα : |b Πανεπιστήμιο Αθηνών, |c 1999 | ||
| 300 | |a 416 σ.; |c εικ. | ||
| 300 | |c 24 εκ. | ||
| 504 | |a Βιβλιογραφία: σ.413-414. Ευρετήριο | ||
| 650 | 0 | 0 | |a Lebesgue integral. |
| 852 | |a INST |b SAMOS |e 20000420 |h 515.43 ΣΤΑ |p 005300015254 |q 005300015254 |t BK |y 0 | ||
| 852 | |a INST |b SAMOS |e 20000420 |h 515.43 ΣΤΑ |p 005300015255 |q 005300015255 |t BK |y 23 | ||
| 852 | |a INST |b SAMOS |e 20031024 |h 515.43 ΣΤΑ |p 005300023756 |q 005300023756 |t BK |y 0 | ||
| 901 | |a BIBL3-2003-3 | ||
| 901 | |a BIBL3-2000-1 | ||
| 970 | |a ΠΟΥΡΝΑΡΑΣ |b ΔΗΜΗΤΡΗΣ |z 2000/04/20 | ||